| 000 | 00891nam a22002297a 4500 | ||
|---|---|---|---|
| 999 |
_c3491 _d3491 |
||
| 003 | AR-CdUCM | ||
| 008 | 190306b ||||| |||| 00| 0 spa d | ||
| 040 |
_aMUNICIPALIDAD PROVINCIAL DEL CUSCO _cBIBLIOTECA MUNICIPAL DEL CUSCO |
||
| 082 |
_a928 / _bF39R |
||
| 100 |
_aRamos, Raymundo _911472 |
||
| 245 | _aFernández de Lizardi y el nacimiento de la novela mexicana / | ||
| 260 |
_aMéxico : _bTalleres de Offset de la COFAA, _c1977. |
||
| 300 |
_a24 páginas ; _c25.5 cm. |
||
| 440 |
_aCuaderno Politécnicos de Ciencia y Cultura _n : 2 _911473 |
||
| 505 | _aContenido: Para Agustín Yáñez: estilo de maestro y maestro de estilo. | ||
| 650 |
_aNovela mexicana - Crítica _911474 |
||
| 650 |
_aJosé Joaquín Fernández de Lizardi - Vida y obra _911475 |
||
| 650 |
_aEscritores mexicanos _911476 |
||
| 700 |
_aRangel Guerra, Alfonso _911477 |
||
| 942 |
_2ddc _cLIBROS |
||
| 945 | _alccs | ||